[Event "Titled Tue 24th Jun Early"]
[Site "chess.com INT"]
[Date "2025.06.24"]
[Round "5"]
[White "Moroni, Luca Jr"]
[Black "Tan, Zhongyi"]
[Result "1-0"]
[WhiteTitle "GM"]
[BlackTitle "GM"]
[WhiteElo "2549"]
[BlackElo "2546"]
[WhiteFideId "865834"]
[BlackFideId "8603642"]
[EventDate "2025.06.24"]

1. d4 d5 2. Bf4 Nf6 3. e3 c5 4. dxc5 Nc6 5. Bb5 Qa5+ 6. Nc3 e6 7. a3 Ne4 8. Ne2
g5 9. b4 Qd8 10. Be5 f6 11. Bd4 Nxc3 12. Bxc3 Bg7 13. Ng3 O-O 14. Nh5 Bh8 15. h4
e5 16. Bb2 Ne7 17. f4 a6 18. Ba4 Nf5 19. e4 Ne3 20. Qd2 gxf4 21. exd5 Bg4 22.
Ng3 f5 23. Bb3 Bf6 24. Nf1 Bxh4+ 25. g3 Nxf1 26. d6+ Kg7 27. Bxe5+ Kg6 28. Kxf1
fxg3 29. Bxg3 Bg5 30. Bf4 h6 31. Re1 Rf6 32. Bxg5 hxg5 33. Qh2 1-0

[Event "Titled Tue 24th Jun Early"]
[Site "chess.com INT"]
[Date "2025.06.24"]
[Round "5"]
[White "Zhakshylykov, Erzhan"]
[Black "Lissillour, Baptiste"]
[Result "1-0"]
[WhiteTitle "IM"]
[BlackTitle "FM"]
[WhiteElo "2362"]
[BlackElo "2312"]
[WhiteFideId "13804111"]
[BlackFideId "45179620"]
[EventDate "2025.06.24"]

1. c4 e6 2. Nc3 Nf6 3. e4 d5 4. e5 d4 5. exf6 dxc3 6. bxc3 Qxf6 7. d4 b6 8. Nf3
Bb7 9. Be2 h6 10. O-O Nd7 11. Qa4 Bd6 12. Be3 Qe7 13. c5 bxc5 14. dxc5 Bxc5 15.
Ne5 Bd6 16. Nc6 Bxc6 17. Qxc6 O-O 18. Rab1 Rab8 19. Bxa7 Rxb1 20. Rxb1 Ne5 21.
Qa4 Bc5 22. Rb7 Bxa7 23. Qxa7 Rd8 24. Rxc7 Qg5 25. g3 Qd2 26. Qe3 1-0

[Event "Titled Tue 24th Jun Early"]
[Site "chess.com INT"]
[Date "2025.06.24"]
[Round "5"]
[White "Yang, Larry"]
[Black "Liashkevich, Lizaveta"]
[Result "1-0"]
[BlackTitle "WFM"]
[WhiteElo "2017"]
[BlackElo "2204"]
[WhiteFideId "2637618"]
[BlackFideId "13518658"]
[EventDate "2025.06.24"]

1. e4 e6 2. d4 d5 3. Nd2 dxe4 4. Nxe4 Nf6 5. Bd3 Be7 6. Nf3 O-O 7. O-O Nbd7 8.
c3 Nxe4 9. Bxe4 Nf6 10. Bc2 h6 11. Bf4 b6 12. Qd3 Bb7 13. Rfe1 c5 14. Be5 g6 15.
Rad1 Qc8 16. Nh4 Qe8 17. Qh3 Rd8 18. Re3 Kh7 19. Rg3 Be4 20. Bxe4 Nxe4 21. Re3
f5 22. Nf3 Qa4 23. Rde1 Qxa2 24. Bf4 h5 25. Rxe4 fxe4 26. Ng5+ Bxg5 27. Bxg5 Rd5
28. Qxe6 Rg8 29. Bf6 1-0

[Event "Titled Tue 24th Jun Early"]
[Site "chess.com INT"]
[Date "2025.06.24"]
[Round "5"]
[White "Keatinge-Clay, Adrian"]
[Black "Rees, Ioan"]
[Result "0-1"]
[WhiteTitle "FM"]
[BlackTitle "FM"]
[WhiteElo "2232"]
[BlackElo "2280"]
[WhiteFideId "2011867"]
[BlackFideId "1801236"]
[EventDate "2025.06.24"]

1. d4 Nf6 2. c4 c5 3. d5 g6 4. Nc3 Bg7 5. e4 d6 6. Be2 e6 7. dxe6 Bxe6 8. Bf4
O-O 9. Bxd6 Re8 10. Bxc5 Qa5 11. b4 Qa3 12. Nb5 Qb2 13. Rb1 Qxa2 14. Nc3 Qa6 15.
b5 Qa5 16. Bb4 Qc7 17. Qd6 Qc8 18. c5 a5 19. bxa6 Nxa6 20. Bxa6 Rxa6 21. Qd3 b6
22. c6 b5 23. Nge2 Bc4 24. Qe3 Rxc6 25. Nd4 Ng4 26. Qd2 Rc7 27. f3 Rd7 28. Nd5
Bxd5 29. O-O Bc4 30. fxg4 Bxf1 31. Rxf1 Bxd4+ 32. Kh1 Qc4 33. Qf4 Qxb4 34. g5
Qc4 35. h4 Be5 36. Qf3 Rd3 37. Qe2 Rc3 38. Qf2 Rc1 39. Rxc1 Qxc1+ 40. Qg1 Qxg1+
41. Kxg1 b4 0-1

[Event "Titled Tue 24th Jun Early"]
[Site "chess.com INT"]
[Date "2025.06.24"]
[Round "5"]
[White "Mikhalsky, Vladimir"]
[Black "Aarit Kapil"]
[Result "0-1"]
[BlackTitle "CM"]
[WhiteElo "2219"]
[BlackElo "2078"]
[WhiteFideId "14144352"]
[BlackFideId "33408947"]
[EventDate "2025.06.24"]

1. d4 Nf6 2. c4 e6 3. g3 d5 4. Bg2 Bb4+ 5. Bd2 Be7 6. Nf3 O-O 7. O-O Ne4 8. Bc1
Nd7 9. Qc2 c6 10. Nc3 f5 11. b3 a6 12. a4 Rb8 13. Ba3 Bxa3 14. Rxa3 g5 15. Ne1
Ndf6 16. f3 Nxc3 17. Qxc3 b5 18. axb5 axb5 19. Ra7 Qb6 20. Ra1 bxc4 21. bxc4 c5
22. e3 f4 23. gxf4 gxf4 24. Nd3 fxe3 25. Nxc5 e5 26. Qxe3 exd4 27. Qxd4 Nd7 28.
Qg4+ Kh8 29. Qd4+ Rf6 30. cxd5 Qxc5 31. Qxc5 Nxc5 32. Rac1 Nd3 33. Rc7 Nf4 34.
Rfc1 Ne2+ 35. Kf2 Nxc1 36. Rxc1 Rb2+ 37. Kf1 Ba6+ 38. Kg1 Rg6 0-1

[Event "Titled Tue 24th Jun Early"]
[Site "chess.com INT"]
[Date "2025.06.24"]
[Round "5"]
[White "Donoso Aguirre, Maximiliano"]
[Black "Caprio, Guido"]
[Result "1-0"]
[WhiteTitle "CM"]
[BlackTitle "IM"]
[WhiteElo "2050"]
[BlackElo "2435"]
[WhiteFideId "3458920"]
[BlackFideId "834580"]
[EventDate "2025.06.24"]

1. e4 c6 2. Nc3 g6 3. Nf3 Bg7 4. d4 d5 5. e5 Nh6 6. h3 f6 7. Bd3 Nf7 8. Bf4 O-O
9. O-O b6 10. Re1 Na6 11. a3 Nc7 12. Qd2 Ne6 13. Bg3 fxe5 14. dxe5 Bh6 15. Qe2
Nfg5 16. Nxg5 Bxg5 17. Rad1 Qe8 18. Qg4 Qf7 19. h4 h5 20. Qa4 b5 21. Qb4 a5 22.
Qb3 Bf4 23. Ne2 Bxg3 24. fxg3 Nc5 25. Qc3 Qf2+ 26. Kh2 Nxd3 27. Qxd3 Bf5 28. Qd2
Be4 29. Nf4 Rxf4 30. gxf4 Qxh4+ 31. Kg1 Rf8 32. Rf1 1-0

[Event "Titled Tue 24th Jun Early"]
[Site "chess.com INT"]
[Date "2025.06.24"]
[Round "5"]
[White "Carnicelli, Valerio"]
[Black "Fernandez Siles, Luis"]
[Result "1-0"]
[WhiteTitle "FM"]
[BlackTitle "FM"]
[WhiteElo "2396"]
[BlackElo "2170"]
[WhiteFideId "856185"]
[BlackFideId "2209420"]
[EventDate "2025.06.24"]

1. e4 c5 2. Nf3 Nc6 3. Bb5 g6 4. c3 Nf6 5. e5 Nd5 6. O-O Bg7 7. Re1 O-O 8. d3 d6
9. exd6 Qxd6 10. Nbd2 a6 11. Ne4 Qc7 12. Bc4 Nf6 13. Nxf6+ exf6 14. a4 Ne5 15.
Nxe5 fxe5 16. Qf3 Bd7 17. Bd5 Rab8 18. a5 Bc6 19. Bxc6 Qxc6 20. Qxc6 bxc6 21.
Ra4 Rfd8 22. Rd1 Rb5 23. Kf1 f6 24. Ke2 Kf7 25. Kd2 Bh6+ 26. Kc2 Bxc1 27. Rxc1
Rdb8 28. Rb1 Ke6 29. g4 f5 30. gxf5+ gxf5 31. Rh4 f4 32. Rxh7 Rxa5 33. Rh6+ Kf5
34. Rxc6 Rh8 35. Rg1 Rxh2 36. Rgg6 Rxf2+ 37. Kb3 e4 38. Kc4 exd3 39. Kd5 c4+ 40.
Kd4 1-0

[Event "Titled Tue 24th Jun Early"]
[Site "chess.com INT"]
[Date "2025.06.24"]
[Round "5"]
[White "Materia, Marco"]
[Black "Sarveshwaran V"]
[Result "1-0"]
[WhiteTitle "IM"]
[BlackTitle "CM"]
[WhiteElo "2489"]
[BlackElo "2290"]
[WhiteFideId "45150451"]
[BlackFideId "25699016"]
[EventDate "2025.06.24"]

1. Nf3 Nf6 2. c4 e6 3. b3 d5 4. Bb2 c5 5. cxd5 exd5 6. d4 Nc6 7. e3 cxd4 8. Nxd4
Bb4+ 9. Bc3 Bxc3+ 10. Nxc3 Qa5 11. Qd2 O-O 12. Nxc6 bxc6 13. Be2 Ba6 14. Rc1
Bxe2 15. Nxe2 Qxd2+ 16. Kxd2 Ne4+ 17. Ke1 Rfc8 18. f3 Nd6 19. Kf2 a5 20. Rc5 a4
21. Rhc1 axb3 22. axb3 Ra6 23. Nd4 g6 24. Rxc6 Rcxc6 25. Rxc6 Ra2+ 26. Kg3 Nf5+
27. Nxf5 gxf5 28. Rc5 Rb2 29. Rxd5 Rxb3 30. Kf4 Rb2 31. Rxf5 h6 32. Kg3 Kg7 33.
h4 Kg6 34. e4 f6 35. Kh3 Rb3 36. g4 Rb1 37. Kg3 Rb6 38. Ra5 Kf7 39. Ra7+ Kg8 40.
Kf4 Rb5 41. Rd7 Re5 42. Rd5 Re7 43. Kf5 Kg7 44. f4 Re8 45. Rd7+ Kg8 46. Kg6 Kh8
47. Kxh6 Kg8 48. Kg6 Kf8 49. Kxf6 Kg8 50. e5 Rf8+ 51. Kg6 Kh8 52. f5 Rg8+ 53.
Kh5 Re8 54. e6 Rg8 55. g5 Re8 56. Kh6 Rg8 57. e7 Re8 58. g6 Rg8 59. f6 Re8 60.
Rd8 Rg8 61. g7# 1-0

[Event "Titled Tue 24th Jun Early"]
[Site "chess.com INT"]
[Date "2025.06.24"]
[Round "5"]
[White "Bodemar, Jonathan"]
[Black "Milare, Tyron"]
[Result "1-0"]
[WhiteTitle "CM"]
[BlackTitle "FM"]
[WhiteElo "2150"]
[BlackElo "2248"]
[WhiteFideId "6205488"]
[BlackFideId "12987018"]
[EventDate "2025.06.24"]

1. e4 c5 2. Nc3 d6 3. g3 g6 4. Bg2 Bg7 5. d3 Nc6 6. Be3 Rb8 7. Qd2 b5 8. Nge2 b4
9. Nd1 Bg4 10. f3 Be6 11. O-O h5 12. h3 h4 13. g4 d5 14. exd5 Bxd5 15. Bxc5 Nf6
16. Bf2 Nxg4 17. fxg4 Bxg2 18. Kxg2 Qd5+ 19. Kg1 Ne5 20. Bd4 Rh7 21. Bxe5 Bxe5
22. Ne3 Qd6 23. d4 Bh2+ 24. Kh1 Bg3 25. Ng2 Rb5 26. Qd3 Qc6 27. Rad1 Rd5 28.
Nxg3 hxg3 29. Qxg3 Qxc2 30. Qb8+ Kd7 31. Rc1 Rxh3+ 32. Kg1 Qe4 33. Rc7+ Ke6 34.
Qc8+ Rd7 35. Qxd7# 1-0

[Event "Titled Tue 24th Jun Early"]
[Site "chess.com INT"]
[Date "2025.06.24"]
[Round "5"]
[White "Babayeva, Nasrin"]
[Black "Ochedzan, Filip"]
[Result "0-1"]
[WhiteTitle "WFM"]
[BlackTitle "CM"]
[WhiteElo "1936"]
[BlackElo "1983"]
[WhiteFideId "13416626"]
[BlackFideId "21892610"]
[EventDate "2025.06.24"]

1. c4 b6 2. g3 Bb7 3. Nf3 Nf6 4. Bg2 e6 5. O-O d6 6. b3 Nbd7 7. Bb2 Be7 8. d3
O-O 9. e4 c5 10. Nc3 a6 11. Re1 Qc7 12. d4 cxd4 13. Nxd4 Rfd8 14. Rc1 Nf8 15.
Qe2 Ng6 16. f4 Rac8 17. h3 Bf8 18. Kh2 Rd7 19. Qf2 e5 20. Nd5 Bxd5 21. cxd5 Qb7
22. Nc6 Re8 23. fxe5 Nxe5 24. Bxe5 dxe5 25. g4 Bc5 26. Qf5 a5 27. Bf3 Be7 28.
Be2 g6 29. Nxe7+ Kg7 30. Qxf6+ Kxf6 31. Nc6 Kg7 32. Bb5 Rd6 33. Nxa5 bxa5 34.
Bxe8 Rf6 35. Bc6 Qb4 36. Re2 Qd4 37. Rce1 Qd3 38. Kg1 Qg3+ 0-1

[Event "Titled Tue 24th Jun Early"]
[Site "chess.com INT"]
[Date "2025.06.24"]
[Round "5"]
[White "Germanovs, Georgijs"]
[Black "Tang, Andrew"]
[Result "0-1"]
[WhiteTitle "CM"]
[BlackTitle "GM"]
[WhiteElo "2260"]
[BlackElo "2529"]
[WhiteFideId "11609710"]
[BlackFideId "2059630"]
[EventDate "2025.06.24"]

1. e4 e5 2. Nf3 Nc6 3. Bc4 Nf6 4. d3 h6 5. Nbd2 g6 6. c3 Bg7 7. b4 O-O 8. O-O d5
9. exd5 Nxd5 10. Qb3 Nxc3 11. Bb2 Ne2+ 12. Kh1 Ned4 13. Bxd4 Nxd4 14. Nxd4 Qxd4
15. Rae1 Bf5 16. Re3 c6 17. a4 a6 18. a5 Rae8 19. Rfe1 Re7 20. h3 Kh7 21. Nf3
Qd6 22. Nd2 Bc8 23. Ne4 Qd4 24. Qc3 Qd8 25. Qb3 f5 26. Nc5 Qd6 27. f4 Rfe8 28.
fxe5 Rxe5 29. Rxe5 Rxe5 30. Rd1 Re3 31. Bg8+ Kh8 32. Bf7 Qg3 33. Qb1 Be5 34. Kg1
Re2 35. Rd2 Qxg2# 0-1

[Event "Titled Tue 24th Jun Early"]
[Site "chess.com INT"]
[Date "2025.06.24"]
[Round "5"]
[White "Toroptseva, Yevheniia"]
[Black "Fomevor, Cephas Clinton"]
[Result "1-0"]
[WhiteTitle "WFM"]
[BlackTitle "CM"]
[WhiteElo "2104"]
[BlackElo "1883"]
[WhiteFideId "34109374"]
[BlackFideId "12601330"]
[EventDate "2025.06.24"]

1. Nc3 d5 2. e4 c6 3. exd5 cxd5 4. d4 Nc6 5. Bf4 Nf6 6. Nb5 e5 7. Bxe5 Nxe5 8.
dxe5 Ne4 9. Qxd5 Bb4+ 10. c3 Qxd5 11. Nc7+ Kf8 12. Nxd5 Bc5 13. Ne3 g6 14. Bd3
Bf5 15. Nf3 Kg7 16. Nxf5+ gxf5 17. Bxe4 fxe4 18. Nd4 Rhe8 19. f4 exf3 20. Nxf3
Rad8 21. Rd1 Bb6 22. Rxd8 Rxd8 23. Ke2 Re8 24. Rd1 Kg6 25. Rd7 Kf5 26. Rxb7 Ke6
27. Kd3 f6 28. Rxh7 fxe5 29. Ke4 Rf8 30. Nxe5 Rf4+ 31. Kxf4 1-0

[Event "Titled Tue 24th Jun Early"]
[Site "chess.com INT"]
[Date "2025.06.24"]
[Round "5"]
[White "Dovgaliuk, Oleksandr"]
[Black "Laddha, Shubh Jayesh"]
[Result "1-0"]
[BlackTitle "FM"]
[WhiteElo "2190"]
[BlackElo "2303"]
[WhiteFideId "14167247"]
[BlackFideId "30942799"]
[EventDate "2025.06.24"]

1. e4 c5 2. Nf3 d6 3. d4 cxd4 4. Nxd4 Nf6 5. Nc3 g6 6. Be3 Bg7 7. f3 Nc6 8. Qd2
O-O 9. O-O-O d5 10. Kb1 Nxd4 11. e5 Nf5 12. exf6 exf6 13. Bc4 Be6 14. Bxd5 Bxd5
15. Nxd5 Rc8 16. Bxa7 Kh8 17. g4 Nd6 18. Bb6 Qd7 19. Nb4 Rc4 20. a3 Rfc8 21.
Qxd6 Qa4 22. Qd7 Qa8 23. Rd4 Rxd4 24. Qxd4 f5 25. Qd7 Kg8 26. Rd1 Rf8 27. Nd5
fxg4 28. fxg4 Qa6 29. g5 Qe2 30. Nf6+ Kh8 31. Bc5 Ra8 32. Qd8+ Bf8 33. Qxa8
Qxd1+ 34. Ka2 1-0

[Event "Titled Tue 24th Jun Early"]
[Site "chess.com INT"]
[Date "2025.06.24"]
[Round "5"]
[White "Gardezi, Arsal"]
[Black "Alikulov, Elbek"]
[Result "0-1"]
[BlackTitle "IM"]
[WhiteElo "2048"]
[BlackElo "2305"]
[WhiteFideId "30949521"]
[BlackFideId "14203308"]
[EventDate "2025.06.24"]

1. Nf3 Nf6 2. g3 g6 3. Bg2 Bg7 4. d4 d6 5. b3 O-O 6. Bb2 c6 7. O-O Ne4 8. Nc3
Bf5 9. Nh4 Nxc3 10. Bxc3 Bd7 11. e4 Qc7 12. Nf3 c5 13. Qd2 cxd4 14. Bxd4 Nc6 15.
Bxg7 Kxg7 16. c4 a6 17. Rac1 Qa5 18. Qb2+ Kg8 19. Rfd1 Rac8 20. c5 Nb4 21. a3
Nc6 22. cxd6 exd6 23. Rxd6 Bg4 24. Nd2 Be6 25. b4 Qe5 26. Qxe5 Nxe5 27. Rxc8
Rxc8 28. f4 Nc4 29. Nxc4 Rxc4 30. e5 Rc1+ 31. Kf2 Rc2+ 32. Kf1 Bc4+ 33. Kg1 Rc1+
34. Kf2 Rc2+ 35. Kf3 h5 36. Bh3 Rxh2 37. Bc8 Ra2 38. Bxb7 Rxa3+ 39. Kg2 Ra2+ 40.
Kh3 Be6+ 41. Kh4 a5 42. bxa5 Rxa5 43. Kg5 Kg7 44. Bf3 Ra3 0-1

[Event "Titled Tue 24th Jun Early"]
[Site "chess.com INT"]
[Date "2025.06.24"]
[Round "5"]
[White "Giri, Anish"]
[Black "Gasparyan, Erik R."]
[Result "1-0"]
[WhiteTitle "GM"]
[BlackTitle "IM"]
[WhiteElo "2748"]
[BlackElo "2372"]
[WhiteFideId "24116068"]
[BlackFideId "13315730"]
[EventDate "2025.06.24"]

1. Nf3 Nf6 2. e3 b6 3. Be2 Bb7 4. O-O e6 5. c4 Be7 6. b3 O-O 7. Bb2 d5 8. cxd5
Nxd5 9. Nc3 c5 10. Nxd5 Bxd5 11. Rc1 Nd7 12. d4 Bb7 13. Qd3 cxd4 14. Bxd4 Rc8
15. h3 Bxf3 16. Bxf3 Ne5 17. Qe4 Nxf3+ 18. Qxf3 Qd7 19. Qg4 f6 20. Rcd1 Qc6 21.
f4 Qe4 22. Rd2 Rfd8 23. Rfd1 Rd5 24. Bxf6 Bxf6 25. Rxd5 Rc2 26. Rd8+ Bxd8 27.
Rxd8+ Kf7 28. Qh5+ Ke7 29. Qg5+ Kf7 30. Rd7+ 1-0

[Event "Titled Tue 24th Jun Early"]
[Site "chess.com INT"]
[Date "2025.06.24"]
[Round "5"]
[White "Burovic, Rijad"]
[Black "Sagalchik, Gennadij"]
[Result "1-0"]
[WhiteTitle "IM"]
[BlackTitle "GM"]
[WhiteElo "2420"]
[BlackElo "2434"]
[WhiteFideId "14407701"]
[BlackFideId "2007916"]
[EventDate "2025.06.24"]

1. e4 e5 2. f4 exf4 3. Nf3 h6 4. d4 g5 5. g3 d6 6. Nc3 Bg7 7. gxf4 g4 8. Be3
gxf3 9. Qxf3 Nc6 10. O-O-O h5 11. h3 f5 12. Rg1 Qe7 13. Nd5 Qf7 14. Bc4 Na5 15.
Bd3 Be6 16. Nc3 Nc4 17. d5 Nxb2 18. dxe6 Qf6 19. Nd5 Nxd3+ 20. Rxd3 Qb2+ 21. Kd2
O-O-O 22. Rb3 Qxa2 23. Rxg7 Qa5+ 24. Kc1 Qa1+ 25. Kd2 Qxg7 26. exf5 c6 27. Nb4
Ne7 28. Bxa7 Rhg8 29. Kc1 Qg2 30. Qc3 Nxf5 31. Nd3 Qh1+ 32. Kb2 Rg1 33. Ka2 d5
34. Bb6 Rdg8 35. Ra3 Ra1+ 36. Qxa1 Qxa1+ 37. Kxa1 Kb8 38. Nc5 Nd6 39. Nd7+ 1-0

[Event "Titled Tue 24th Jun Early"]
[Site "chess.com INT"]
[Date "2025.06.24"]
[Round "5"]
[White "Burmakin, Evgeniy"]
[Black "Chitre Arush"]
[Result "0-1"]
[WhiteTitle "FM"]
[BlackTitle "CM"]
[WhiteElo "2110"]
[BlackElo "2151"]
[WhiteFideId "4163729"]
[BlackFideId "25959026"]
[EventDate "2025.06.24"]

1. e4 e5 2. Nf3 Nc6 3. Bb5 a6 4. Ba4 d6 5. O-O Bd7 6. c3 g6 7. d4 Bg7 8. d5 Nb8
9. c4 Ne7 10. Nc3 O-O 11. Be3 h6 12. c5 f5 13. b4 f4 14. Bd2 g5 15. Bb3 Ng6 16.
c6 Bg4 17. cxb7 Ra7 18. Bc4 Nd7 19. Be2 Rxb7 20. a3 Bxf3 21. Bxf3 Nf6 22. Rc1
Qd7 23. h3 Nh4 24. Bg4 Qe8 25. Be6+ Kh8 26. Qa4 Qg6 27. Qxa6 Rbb8 28. Nb5 g4 29.
Nxc7 Nxe4 30. Rcd1 Nxg2 31. Bxg4 h5 32. Kxg2 hxg4 33. hxg4 Qxg4+ 34. Kh2 f3 0-1

[Event "Titled Tue 24th Jun Early"]
[Site "chess.com INT"]
[Date "2025.06.24"]
[Round "5"]
[White "Demchenko, Yaroslav"]
[Black "Tsiolakidis, Anastasios"]
[Result "0-1"]
[WhiteTitle "CM"]
[BlackTitle "FM"]
[WhiteElo "2263"]
[BlackElo "2298"]
[WhiteFideId "14186667"]
[BlackFideId "4201477"]
[EventDate "2025.06.24"]

1. Nf3 c5 2. b3 Nc6 3. e3 e5 4. Bb2 e4 5. Ng1 f5 6. d3 Nf6 7. dxe4 fxe4 8. c4 d5
9. cxd5 Qxd5 10. Qxd5 Nxd5 11. Bc4 Ndb4 12. Na3 Bf5 13. Ne2 Nd3+ 14. Bxd3 exd3
15. Ng3 Bg6 16. f4 O-O-O 17. O-O-O Nb4 18. Kb1 Bd6 19. Nc4 Bc7 20. a3 Nd5 21.
Bxg7 Rhe8 22. Bb2 Nxe3 23. Nxe3 Rxe3 24. f5 Bf7 25. Rhe1 Rxe1 26. Rxe1 d2 27.
Rd1 Bxb3 28. Rxd2 Rxd2 29. f6 Bxg3 30. hxg3 Rxg2 31. Be5 c4 32. Kc1 c3 33. Bxc3
Rxg3 34. Kb2 Bf7 35. Be5 Rb3+ 36. Kc2 Rxa3 37. Bb2 Rb3 38. Bd4 a5 39. Be5 a4 40.
Bd4 b5 41. Be5 b4 42. Bd6 Kd7 43. Be5 Ke6 44. Bd4 Kd5 45. Bf2 Rf3 46. Be1 Rxf6
47. Bxb4 Rc6+ 48. Kb2 Rb6 49. Ka2 Rxb4 50. Ka3 Rc4 51. Kb2 h5 52. Ka3 h4 53. Kb2
h3 54. Ka3 h2 55. Kb2 h1=Q 56. Ka3 Qh3+ 57. Kb2 a3+ 58. Ka2 Rc2+ 59. Kb1 Qb3+
60. Ka1 Qb2# 0-1

[Event "Titled Tue 24th Jun Early"]
[Site "chess.com INT"]
[Date "2025.06.24"]
[Round "5"]
[White "Nusrat Jahan, Alo"]
[Black "Murawski, Jan"]
[Result "0-1"]
[WhiteTitle "WCM"]
[BlackTitle "CM"]
[WhiteElo "1795"]
[BlackElo "2164"]
[WhiteFideId "10226826"]
[BlackFideId "21009287"]
[EventDate "2025.06.24"]

1. e4 g6 2. d4 Bg7 3. Nc3 c5 4. Be3 cxd4 5. Bxd4 Nf6 6. e5 Nh5 7. Nf3 Nc6 8. Bc4
Nf4 9. O-O O-O 10. Qd2 Nxd4 11. Qxd4 Ne6 12. Qd2 Qc7 13. Bb3 b6 14. Nd5 Qd8 15.
Qb4 Nc5 16. Qh4 Re8 17. Rad1 Bb7 18. Ng5 h6 19. Nxf7 Kxf7 20. Qf4+ Kg8 21. Nxe7+
Kh7 22. Nd5 Nxb3 23. axb3 Rxe5 24. Ne3 Qg5 25. Qxg5 Rxg5 26. g3 d5 27. f4 Rh5
28. Ng4 d4 29. Rd3 Ba6 30. c4 dxc3 31. Rd7 Bxf1 32. Nf6+ Kh8 33. Nxh5 cxb2 34.
Rd1 Bd3 35. Nxg7 b1=Q 36. Rxb1 Bxb1 37. Ne6 Bf5 38. Nd4 Rd8 39. Nc6 Rd2 40. Kf1
a5 41. Ne5 b5 42. Nc6 a4 43. bxa4 bxa4 44. Nb4 a3 45. Ke1 Rxh2 46. Kd1 a2 47.
Nxa2 Rxa2 48. Ke1 g5 49. Kd1 gxf4 50. gxf4 h5 0-1

[Event "Titled Tue 24th Jun Early"]
[Site "chess.com INT"]
[Date "2025.06.24"]
[Round "5"]
[White "Perez Cruz, Adianet"]
[Black "Modric, Nesa"]
[Result "1-0"]
[WhiteTitle "WFM"]
[BlackTitle "CM"]
[WhiteElo "1984"]
[BlackElo "2088"]
[WhiteFideId "3510115"]
[BlackFideId "922579"]
[EventDate "2025.06.24"]

1. d4 d5 2. Nf3 Nf6 3. Bf4 e6 4. e3 Bd6 5. Bg3 O-O 6. Bd3 Ne4 7. Nbd2 f5 8. Bxd6
Qxd6 9. Ne5 Nd7 10. f4 Ndf6 11. c4 Qb4 12. Qc2 c5 13. a3 Qa5 14. Ke2 cxd4 15.
exd4 dxc4 16. Bxc4 b5 17. b4 Qb6 18. Bd3 Bb7 19. Bxe4 Nxe4 20. Nxe4 Bxe4 21. Qc5
Qxc5 22. dxc5 Bxg2 23. Rhg1 Be4 24. Ke3 Rfd8 25. Rad1 Kf8 26. Nd7+ Kf7 27. Ne5+
Kg8 28. Nd7 g6 29. Nf6+ Kg7 30. Nxe4 fxe4 31. Kxe4 Kf6 32. h4 h6 33. Rgf1 Rac8
34. Rg1 Ra8 35. Rd6 Rxd6 36. cxd6 Rd8 37. Rd1 Rd7 38. Rd4 a6 39. Rd3 1-0

[Event "Titled Tue 24th Jun Early"]
[Site "chess.com INT"]
[Date "2025.06.24"]
[Round "5"]
[White "Makarian, Rudik"]
[Black "Caruana, Fabiano"]
[Result "0-1"]
[WhiteTitle "IM"]
[BlackTitle "GM"]
[WhiteElo "2524"]
[BlackElo "2777"]
[WhiteFideId "44105681"]
[BlackFideId "2020009"]
[EventDate "2025.06.24"]

1. d4 d5 2. c4 c6 3. Nf3 Nf6 4. Nc3 dxc4 5. g3 b5 6. Bg2 e6 7. Ne5 a6 8. O-O Bb7
9. b3 b4 10. Ne4 Nxe4 11. Bxe4 c3 12. Qd3 Bd6 13. Bf4 g5 14. Be3 f5 15. Bxf5
Bxe5 16. dxe5 exf5 17. Qxf5 Bc8 18. e6 Qe7 19. Qe5 Rg8 20. Rad1 Bxe6 21. Bc5 Nd7
22. Bxe7 Nxe5 23. Bxb4 c2 24. Rc1 Bf5 25. Bc3 Ng6 26. e4 Bh3 27. Rfe1 O-O-O 28.
Rxc2 Nh4 29. Rec1 Nf3+ 30. Kh1 Rg6 31. Ba5 Rdd6 32. Bb4 Rd4 33. Bc5 Rxe4 34. Be3
Ree6 35. b4 Kb7 36. a4 Bf5 37. Rb2 Be4 38. Kg2 Ne5+ 39. f3 Bxf3+ 40. Kf2 Nd3+ 0-1

[Event "Titled Tue 24th Jun Early"]
[Site "chess.com INT"]
[Date "2025.06.24"]
[Round "5"]
[White "Sethuraman, Roshan"]
[Black "Kourkoulos-Arditis, Stamatis"]
[Result "1/2-1/2"]
[BlackTitle "GM"]
[WhiteElo "2074"]
[BlackElo "2580"]
[WhiteFideId "30965250"]
[BlackFideId "4221990"]
[EventDate "2025.06.24"]

1. e4 d6 2. d4 Nf6 3. Nc3 e5 4. dxe5 dxe5 5. Qxd8+ Kxd8 6. Bg5 c6 7. Bc4 Ke8 8.
Nf3 Bd6 9. O-O-O Bc7 10. h3 Nbd7 11. Be3 b5 12. Bb3 a5 13. a3 h6 14. Rhe1 Ke7
15. Nh4 g6 16. Nf3 Nh5 17. Ne2 Ng7 18. Kb1 Ne6 19. c3 Nec5 20. Bc2 Rb8 21. b4
Ne6 22. Kb2 Bb6 23. Bxb6 Rxb6 24. Bb3 f6 25. Rd2 Rd8 26. Red1 Ndf8 27. Nh4 Rxd2+
28. Rxd2 axb4 29. axb4 Ra6 30. Nc1 Nf4 31. g3 Nxh3 32. Nd3 Ng5 33. Nc5 Ra7 34.
f4 Nge6 35. Nxe6 Bxe6 36. Bxe6 Kxe6 37. f5+ Kf7 38. fxg6+ Nxg6 39. Nf5 h5 40.
Rd6 Rc7 41. Nh6+ Kg7 42. Nf5+ Kf7 43. Nh6+ Kg7 44. Nf5+ Kf7 1/2-1/2

[Event "Titled Tue 24th Jun Early"]
[Site "chess.com INT"]
[Date "2025.06.24"]
[Round "5"]
[White "Smieszek, Wojciech"]
[Black "Marin Posada, Sebastian"]
[Result "1-0"]
[WhiteTitle "CM"]
[BlackTitle "FM"]
[WhiteElo "2141"]
[BlackElo "2246"]
[WhiteFideId "1156047"]
[BlackFideId "4402782"]
[EventDate "2025.06.24"]

1. e4 e6 2. d4 d5 3. Bd3 dxe4 4. Bxe4 Nf6 5. Bf3 Be7 6. Ne2 O-O 7. O-O Nbd7 8.
Bf4 c5 9. c3 Qb6 10. Qb3 cxd4 11. cxd4 Qxb3 12. axb3 Nb6 13. Nbc3 Nbd5 14. Be5
Rd8 15. Rfd1 b6 16. Bxf6 Bxf6 17. Nxd5 exd5 18. Nc3 Be6 19. b4 a5 20. b5 Rac8
21. Na4 Rc2 22. Nxb6 Rxb2 23. Rxa5 Rb8 24. Nxd5 Bxd5 25. Bxd5 R2xb5 26. Rxb5
Rxb5 27. Bf3 Kf8 28. g3 Rb4 29. d5 Rd4 30. Rb1 Rd2 31. Rb8+ Ke7 32. Rb7+ Ke8 33.
Kf1 Bd4 34. Be2 Bc5 35. Bb5+ Kd8 36. Rxf7 Rxd5 37. Rxg7 Bf8 38. Rf7 Bc5 39. Rxh7
Rf5 40. f4 Bf8 41. Bd3 1-0